Modelovanie a riadenie fermentačného reaktora bakalárska práca
Salvato in:
| Autore principale: | |
|---|---|
| Natura: | Libro |
| Lingua: | slovacco |
| Pubblicazione: |
Bratislava
STU FCHPT
2019
|
| Accesso online: | Visualizza in OPAC |
| Tags: |
Nessun Tag, puoi essere il primo ad aggiungerne!!
|
MARC
| LEADER | 00000nam a2200000 a 4500 | ||
|---|---|---|---|
| 005 | 20260127134234.0 | ||
| 008 | 191007 2019 xo a 001 0 slo d | ||
| 035 | |a vtls011891803 | ||
| 039 | 9 | |y 201910071135 |z mschk03 | |
| 040 | |a STUSCHK1 |b slo |c STUSCHK1 |e AACR2 | ||
| 100 | 1 | |a Lehotová, Michaela | |
| 245 | 1 | |a Modelovanie a riadenie fermentačného reaktora |b bakalárska práca |c Michaela Lehotová | |
| 260 | |a Bratislava |b STU FCHPT |c 2019 | ||
| 300 | |a 76 s. |b Obr., tab. |c 25 cm | ||
| 500 | |a Študijný program: biotechnológia | ||
| 500 | |a Študijný odbor: biotechnológie | ||
| 500 | |a Školiace pracovisko: Oddelenie informatizácie a riadenia procesov | ||
| 500 | |a Evid. číslo: FCHPT-5419-86724 | ||
| 910 | |a SCHK95 | ||
| 999 | |c 7537 |d 7537 | ||